00949 am a2200205 a 450000500170000000800410001702000150005804100080007310000190008124501440010025000210024426000470026530000160031250002030032865300280053165300200055965300670057965300800064670000170072620240627112520.0100923s1987||||xxua f |||| 001 0 spa d a0942364120 aspa1 aWebner, David. aAprendiendo a promover la salud.bUn libro de métodos, materiales e ideas para instructores que trabajan en la comunidad / cDavid Werner a1a ed. 2a reimp. aCalifornia: bFundación Esperian;c1987. a640 p.bil. aWerner, D. y Bower, B. (1987). Aprendiendo a promover la salud. Un libro de métodos, materiales e ideas para instructores que trabajan en la comunidad. (1a ed.). California : Fundación Esperian. aPromoción de la salud aPolitica social aAspectos políticos y sociales de la planificación familiar aSalud en relación a la alimentación, la tierra y los problemas sociales1 aBower, Bill.